| 000 | 00860am a2200301a 44500 | ||
|---|---|---|---|
| 003 | AR-BaBNM | ||
| 005 | 20251128203816.0 | ||
| 008 | 247019s1968 #AR|||||||||||000 | spa|| | ||
| 040 | _cAR-BaBNM | ||
| 100 | 1 | _aFowler, H. Seymour | |
| 245 | 1 | 0 | _aLas ciencias en la escuela secundaria |
| 260 |
_aBuenos Aires _bTroquel _c1968 |
||
| 300 | _a142 p. | ||
| 490 | 0 | _aBiblioteca de la Nueva Educación | |
| 500 | _aContiene glosario | ||
| 504 | _aBibliografía: p. 133-134 | ||
| 650 | 4 | _aENSEÑANZA DE LA FISICA | |
| 650 | 4 | _aENSEÑANZA DE LA QUIMICA | |
| 650 | 4 | _aENSEÑANZA DE LA BIOLOGIA | |
| 650 | 4 | _aMETODOS DE ENSEÑANZA | |
| 650 | 4 | _aORGANIZACION ESCOLAR | |
| 651 | 4 | _aEstados Unidos | |
| 653 | _aEDUCACION SECUNDARIA | ||
| 700 | 1 |
_aPalmer, Lawrence E. _eprologuista |
|
| 700 | 1 |
_aJasca, Adolfo _etraductor |
|
| 942 | _cBK | ||
| 998 | _csilvi | ||
| 999 |
_c5005 _d5005 |
||